01730nam a2200433 a 4500001001200000003000800012006001900020007001500039008004100054010001700095020001500112020002200127020001800149020002700167040002100194035002000215043001200235050002700247082002100274100002000295245012800315260006200443300002800505440003600533490006200569500002000631504003200651533015200683650004700835650002600882650004500908650004100953650003700994655002901031710001701060830007601077856012601153999001701279ebr10642649CaPaEBRm u cr cn|||||||||890223s1989 pauab sb 001 0 eng d z 89031363  z0812281195 z081221269X (pbk.) z9780812212693 z9780812205831 (e-book) aCaPaEBRcCaPaEBR a(OCoLC)44953949 aa-ii---14aBL1215.S85bN37 1989eb04a398.08/829452201 aNarayan, Kirin.10aStorytellers, saints, and scoundrelsh[electronic resource] :bfolk narrative in Hindu religious teaching /cKirin Narayan. aPhiladelphia :bUniversity of Pennsylvania Press,cc1989. ax, 285 p. :bill., map. 0aContemporary ethnography series1 aPublications of the American Folklore Society, New series aIncludes index. aBibliography: p. [267]-282. aElectronic reproduction.bPalo Alto, Calif. :cebrary,d2013.nAvailable via World Wide Web.nAccess may be limited to ebrary affiliated libraries. 0aStorytellingxReligious aspectsxHinduism. 0aAsceticismxHinduism. 0aHindusxFolklorexHistory and criticism. 0aTaleszIndiaxHistory and criticism. 0aHinduismxCustoms and practices. 7aElectronic books.2local2 aebrary, Inc. 0aPublications of the American Folklore Society.pNew series (Unnumbered)40uhttp://site.ebrary.com/lib/rucke/Doc?id=10642649zAn electronic book accessible through the World Wide Web; click to view c43874d43874